| 000 | 00784nam a2200253Ia 4500 | ||
|---|---|---|---|
| 003 | OSt | ||
| 005 | 20220918174229.0 | ||
| 006 | a|||||r|||| 00| 0 | ||
| 007 | ta | ||
| 008 | 220917b |||||||| |||| 00| 0 eng d | ||
| 024 | _a11,213 | ||
| 037 | _cTextual | ||
| 040 |
_aARTS _cARTS _beng |
||
| 041 |
_2eng _aeng |
||
| 082 | _aMKp3:N60, K3 | ||
| 100 |
_aMourant A E ed _949621 |
||
| 245 | 0 |
_aMan and cattle _b proceedings of a symposium on domestication at the Royal Anthropological Inmstitute 24-26 May 1960 |
|
| 260 | _c1963 | ||
| 490 | _aRoyal Anthropological institute occasional papers; 18 | ||
| 650 |
_aLIVESTOCK INDUSTRY _9196 |
||
| 700 |
_a Zeuner F E _949622 |
||
| 942 |
_hMKp3:N60, K3 _cTEXL _2CC |
||
| 999 |
_c152328 _d152328 |
||